LEADER 00933cam0 2200241 450 001 E600200045614 005 20201203135436.0 100 $a20090223d1958 |||||ita|0103 ba 101 $ager 102 $aDE 200 1 $a<>Ewige in der Hegelschen Logik und ihr Gegenbild im Marxismus$eVortrag in Dornach zu Hegels 150. Geburstag am 27. August 1920$fRudolf Steiner 210 $aDornach (Schweiz)$cSteiner-Nachlassverwaltung$d1958 215 $a22 p.$d22 cm 700 1$aSteiner$b, Rudolf$3A600200049474$4070$033031 801 0$aIT$bUNISOB$c20201203$gRICA 850 $aUNISOB 852 $aUNISOB$j100|Opusc$m71312 912 $aE600200045614 940 $aM 102 Monografia moderna SBN 941 $aM 957 $a100|Opusc$b000107$gSi$d71312$racquisto$1pregresso3$2UNISOB$3UNISOB$420090223082745.0$520201203135426.0$6Spinosa 996 $aEwige in der Hegelschen Logik und ihr Gegenbild im Marxismus$91680264 997 $aUNISOB LEADER 01009nam 2200253la 450 001 9910482178903321 005 20221102160728.0 035 $a(UK-CbPIL)2090324358 035 $a(CKB)5500000000089383 035 $a(EXLCZ)995500000000089383 100 $a20221102d1649 uy | 101 0 $alat 135 $aurcn||||a|bb| 200 10$aProgymnasmata Aphthonius partim a? Rodolpho Agricola, partim a? Johanne Maria Catanaeo, Latinitate donata, cum scholiis R. Lorichii 210 $aAmsterdam $cLouis Elzevir$d1649 215 $aOnline resource (383, [13] p, 12°) 300 $aReproduction of original in Koninklijke Bibliotheek, Nationale bibliotheek van Nederland. 700 $aAphthonius$factive 4th century-5th century.$0198697 801 0$bUk-CbPIL 801 1$bUk-CbPIL 906 $aBOOK 912 $a9910482178903321 996 $aProgymnasmata Aphthonius partim a? Rodolpho Agricola, partim a? Johanne Maria Catanaeo, Latinitate donata, cum scholiis R. Lorichii$92273985 997 $aUNINA